banner-ar

الحاوى للفتاوى: فى الفقة وعلوم التفسير والحديث والاصول والنحو والاعراب وسائر الفنون / (Record no. 59670)

MARC details
000 -الفاتح
حقل البيانات ثابتة الطول 00726nam a2200181Ia 4500
008 - عناصر البيانات ثابتة الطول - معلومات عامة
حقل البيانات ثابتة الطول 140319s9999 xx 000 0 ara d
040 ## - مصدر الفهرسة
وكالة الفهرسة الأصلية GCL /
وكالة النسخ GCL
082 04 - رقم تصنيف ديوى العشرى
رقم التصنيف 259
رقم المادة ج ح
100 1# - المدخل الرئيسى - إسم شخصى
الإسم الشخصى جلال الدين عبدالرحمن ابى بكر
245 10 - بيان العنوان
العنوان الحاوى للفتاوى: فى الفقة وعلوم التفسير والحديث والاصول والنحو والاعراب وسائر الفنون /
بيان المسئوليه,etc جلال الدين عبدالرحمن ابى بكر
300 ## - الوصف المادى
التعداد 2 مج ؛
أبعاد الوعاء 24 سم
650 04 - المدخل الاضافى بالموضوع-مصطلح موضوعى
مصطلح موضوعي النحو
650 04 - المدخل الاضافى بالموضوع-مصطلح موضوعى
مصطلح موضوعي الحديث
650 04 - المدخل الاضافى بالموضوع-مصطلح موضوعى
مصطلح موضوعي الفقه الاسلامى
942 ## - عناصر المدخل الإضافي( كوها)
مصدر التصنيف او مخطط الترفيف Dewey Decimal Classification
Koha [default] item type المراجع
260 ## - PUBLICATION, DISTRIBUTION, ETC. (IMPRINT)
-- بيروت :
-- المكتبة العصرية للنشر والتوزيع
Holdings
حالة التراجع حالة الفقد حالة تلف ليس للاعارة المكان المؤقت الموقع الحالى تاريخ الاكتساب اجمالي اﻻعارات رقم الطلب الباركود تاريخ اخر مشاهدة تاريخ تفعيل السعر نوع وعاء كوها
        مكتبة القاهرة الكبرى مكتبة القاهرة الكبرى 03/26/2014   259\ج ح 157856 03/26/2014 03/26/2014 المراجع
        مكتبة القاهرة الكبرى مكتبة القاهرة الكبرى 03/26/2014   259\ج ح 157857 03/26/2014 03/26/2014 المراجع
        مكتبة القاهرة الكبرى مكتبة القاهرة الكبرى 03/26/2014   259\ج ح 157858 03/26/2014 03/26/2014 المراجع

Powered By

EGPV